Sinh thái và môi trường trong dệt - nhuộm /

Các khía cạnh sinh thái và môi trường trong xử lý trước; Những công nghệ xử lý trước tiên tiến và thân thiện với môi trường; Những vấn đề sinh thái và môi trường trong nhuộm; Những công nghệ nhuộm mới, tiên tiến và thân thiện với môi trường; Những khía cạnh sinh thái và môi trường trong in hoa hàng...

Full description

Saved in:
Bibliographic Details
Main Author: Đặng Trấn Phòng PGS.TS.
Format: Book
Language:Vietnamese
Published: Hà Nội : Khoa học và kỹ thuật, 2004.
Subjects:
Tags: Add Tag
No Tags, Be the first to tag this record!
Institutions: Mạng thư viện Đại học Đà Nẵng
LEADER 02064cam a2200421 a 4500
001 000044606
003 3008
005 20060511102554.0
008 010220b2004 vm 000 vie
020 |c 37000 
040 |a LRC  |c LRC  |d LRC 
041 0 |a vie 
082 1 4 |a 628.5  |b ĐĂ-P 
100 1 |a Đặng Trấn Phòng  |c PGS.TS. 
245 1 0 |a Sinh thái và môi trường trong dệt - nhuộm /  |c Đặng Trấn Phòng. 
260 |a Hà Nội :  |b Khoa học và kỹ thuật,  |c 2004. 
300 |a 383 tr. :  |b mh. ;  |c 20,5 cm. 
520 3 |a Các khía cạnh sinh thái và môi trường trong xử lý trước; Những công nghệ xử lý trước tiên tiến và thân thiện với môi trường; Những vấn đề sinh thái và môi trường trong nhuộm; Những công nghệ nhuộm mới, tiên tiến và thân thiện với môi trường; Những khía cạnh sinh thái và môi trường trong in hoa hàng dệt; Các công nghệ sản xuất sạch hơn trong in hoa; Những vấn đề sinh thái và môi trường trong xử lý hoàn tất cuối cùng hàng dệt; Các chất xử lý hoàn tất và các công nghệ xử lý hoàn tất mới, thân thiện với môi trường; Những khía cạnh sinh thái của hàng nhuộm, in hoa và xử lý hoàn tất. 
630 0 4 |a Sinh thái. 
630 0 4 |a Môi trường. 
630 0 4 |a Dệt. 
630 0 4 |a Nhuộm. 
650 0 4 |a Dệt  |x Sinh thái. 
650 0 4 |a Dệt  |x Môi trường. 
650 0 4 |a Nhuộm  |x Sinh thái. 
650 0 4 |a Nhuộm  |x Môi trường. 
OWN |a DUT 
AVA |a UDN50  |b DUT  |c Book  |d 628.5 ĐĂ-P  |e available  |t Error 5001 Not defined in file expand_doc_bib_avail.  |f 5  |g 0  |h N  |i 0  |j SH  |k 1 
999 |a From the UDN01 
AVA |a UDN50  |b DUT  |c Book  |d 628.5 ĐĂ-P  |e available  |t Error 5001 Not defined in file expand_doc_bib_avail.  |f 5  |g 0  |h N  |i 0  |j SH  |k 1 
TYP |a Monograph 
TYP |a Printed language 
980 |a Mạng thư viện Đại học Đà Nẵng